000 00431nam a22001577a 4500
003 OSt
008 250207b |||||||| |||| 00| 0 eng d
020 _a9 780198 611349
041 _aeng
082 _a028.73423
_bBRO/NE
100 _aBrown, Lesly
_97099
245 _aNew Shorter Oxford English Dictionary
_bVolume 1 A-M
260 _aNew York:
_bClarendon Press. Oxford University Press,
_c1993.
300 _a1876p.
942 _cBK
999 _c19331
_d19331